000 00528nam a2200169 i 4500
001 88331
003 ES-MaACL
005 20230906175836.0
007 t|
008 050104s1956 es ||||1| spa d
100 1 _aLaínez, J. Jorge.
_969688
245 1 0 _aSendas de sol
_b: (lecturas para niños) /
_cJ. Jorge Laínez.
260 _aSan Salvador :
_bMinisterio de Cultura, Departamento Editorial,
_c[1956]
300 _a145 p. ;
_c16 cm.
710 1 _aEl Salvador.
_bMinisterio de Cultura.
_93462
852 _aES-MaACL
_jC-14014
999 _c88331
_d88331